000 00807nam a2200253 u 4500
001 66152
005 20180714073809.0
008 160913s2007 mx r 000 0 spa d
020 _a9788496791763
041 0 _aspa
082 0 _a823.9
_bJAM
100 1 _aJames, Peter,
_eautor
245 1 0 _aUna muerte sencilla /
_cPeter James, traducción de Escarlata Guillén.
250 _aPrimera edición
264 1 _aMéxico :
_bRoca Editorial de Libros,
_c2007
300 _a472 páginas ;
_c23 cm.
336 _atexto
_2rdacontent
337 _asin mediación
_2rdamedia
338 _avolumen
_2rdacarrier
490 0 _aCriminal
650 4 _aLiteratura inglesa
_xNovela
_ySiglo XX
650 4 _aNovela inglesa
_ySiglo XX
_xNovela policíacas
700 1 _aGuillén, Escarlata
_etraducción
999 _c66152
_d66152